| 000 | 00480nam a2200205Ia 4500 | ||
|---|---|---|---|
| 003 | 0100 | ||
| 008 | 130307s9999 xx 000 0 und d | ||
| 040 | _cARRUPELIB | ||
| 050 | _aLC493.K83 1983 | ||
| 100 | _aKolvenbach, Peter-Hans | ||
| 245 | 4 | _aThe characteristics of Jesuit education | |
| 260 | _aIndia | ||
| 260 | _bGujarat Sahitya Prakash | ||
| 260 | _c1983 | ||
| 300 | _a120p. | ||
| 300 | _b19 cm | ||
| 650 | _aEDUCATION | ||
| 650 | _bCatholic church | ||
| 942 | 0 | 0 | _02 |
| 999 |
_c99030 _d99030 |
||